000 00652cam a22002173a 4500
001 39914
003 PGUSA
005 20140828083905.0
008 120604s2012||||xxu|||||s|||||000 | eng d
040 _aPGUSA
_beng
042 _adc
100 1 _aAguilar, Pedro Sanchez de
245 1 0 _aReports on the Maya Indians of Yucatan :
_bvol. IX No. 3
_h[electronic resource] /
_cPedro Sanchez de Aguilar
260 _bProject Gutenberg,
_c2012
506 _aPublic domain in the USA.
516 _aElectronic text
700 1 _aSaville, Marshall H.
830 0 _aProject Gutenberg
_v39914
856 4 0 _uhttp://www.gutenberg.org/ebooks/39914
942 _cEB
999 _c269167
_d269167